000 00591nam a2200193Ia 4500
999 _c58688
_d58688
003 GCL
005 20240530110120.0
008 140319s9999 xx 000 0 ara d
040 _aGCL /
_cGCL
082 0 4 _a219.1
_bح م
100 1 _aحيدر قفه
245 1 0 _aالمسلمة العصرية الي اين /
_cحيدر قفه
260 _a[S.N] :
_bدار البشير للثقافة والعلوم الاسلامية ،
_c1991
300 _a173 ص
650 0 4 _aالاسلام
650 0 4 _aحجاب المراة
650 0 4 _aالمرأة فى الاسلام
942 _2ddc
_cBK